Técnicas y prácticas para el mejoramiento del coeficiente de aserrío : (Record no. 219835)
[ view plain ]
| 000 -CABECERA | |
|---|---|
| campo de control de longitud fija | 02596nam a2200325 a 4500 |
| 003 - IDENTIFICADOR DEL NÚMERO DE CONTROL | |
| campo de control | OSt |
| 005 - FECHA Y HORA DE LA ÚLTIMA TRANSACCIÓN | |
| campo de control | 20240408090801.0 |
| 008 - DATOS DE LONGITUD FIJA--INFORMACIÓN GENERAL | |
| campo de control de longitud fija | 240405s2023 us a|||| |||| 001 0 spa d |
| 020 ## - NÚMERO INTERNACIONAL ESTÁNDAR DEL LIBRO | |
| Número Internacional Estándar del Libro | [9798392093619] |
| 040 ## - FUENTE DE LA CATALOGACIÓN | |
| Centro/agencia transcriptor | CHAP |
| Normas de descripción | rda |
| 082 00 - NÚMERO DE LA CLASIFICACIÓN DECIMAL DEWEY | |
| Número de edición | 22 |
| Número de clasificación | 674.02 |
| Número de documento/Ítem | L76 |
| 100 1# - ENTRADA PRINCIPAL--NOMBRE DE PERSONA | |
| 9 (RLIN) | 67049 |
| Nombre de persona | Lira González, Diego Ernesto |
| 245 10 - MENCIÓN DE TÍTULO | |
| Título | Técnicas y prácticas para el mejoramiento del coeficiente de aserrío : |
| Resto del título | manual operativo / |
| Mención de responsabilidad, etc. | por Diego Ernesto Lira González, David García Cintora y Walter Daniel Maza Ochoa. |
| 250 ## - MENCIÓN DE EDICIÓN | |
| Mención de edición | Primera edición. |
| 264 #1 - PRODUCCIÓN, PUBLICACIÓN, DISTRIBUCIÓN, FABRICACIÓN Y COPYRIGHT | |
| Producción, publicación, distribución, fabricación y copyright | [Columbia, SC. Estados Unidos] : |
| Nombre del de productor, editor, distribuidor, fabricante | GFA Consulting Group GmbH : |
| -- | FIRA, |
| Fecha de producción, publicación, distribución, fabricación o copyright | 2023. |
| 300 ## - DESCRIPCIÓN FÍSICA | |
| Extensión | x, 190 páginas: |
| Otras características físicas | cuadros, figuras. |
| 336 ## - TIPO DE CONTENIDO | |
| Fuente | rdacontent |
| Término de tipo de contenido | texto |
| Código de tipo de contenido | txt |
| 337 ## - TIPO DE MEDIO | |
| Fuente | rdamedia |
| Nombre/término del tipo de medio | sin medio |
| Código del tipo de medio | n |
| 338 ## - TIPO DE SOPORTE | |
| Fuente | rdacarrier |
| Nombre/término del tipo de soporte | volumen |
| Código del tipo de soporte | nc |
| 504 ## - NOTA DE BIBLIOGRAFÍA, ETC. | |
| Nota de bibliografía, etc. | Incluye referencias bibliográficas páginas : 166-171. |
| 520 ## - SUMARIO, ETC. | |
| Sumario, etc. | Técnicas y prácticas para el mejoramiento del coeficiente de aserrío es un manual especializado y diseñado para ayudar a las empresas de transformacón maderable a mejorar su eficiencia y productividad en la industria del aserrío. Este compendio ofrece una guía paso a paso sobre los diferentes tipos de coeficientes de aserrío, destacando su importancia y proporcionando las mejores prácticas para su implementacón. Desde el análisis de las técnicas de cubicación hasta la determinación del tamaño de muestra adecuada, el manual brinda herramientas prácticas para cuantificar la madera y evitar posibles errores en el oroceso de aserrío. Ademas se hace énfasis en la recopilación y precisa de información y se promueve prácticas responsables en el uso de los recursos forestales maderables. Al dominar las técnicas y conceptos presentados en este manual, los productores de madera aserrada podrán tomar decisiones informadas que impacten positivamente en la competitividad y sostenibilidad de sus operaciones, estableciendo un sistema de monitoreo y control que cumpla con la normatividad vigente en el país. Este manual se convierte en una herramienta indispensable para aquellos que buscan mejorar su desempeño en la industria del aserrío y obtener ventajas competitivas en un entorno desafiante. |
| 650 #4 - PUNTO DE ACCESO ADICIONAL DE MATERIA--TÉRMINO DE MATERIA | |
| 9 (RLIN) | 69628 |
| Término de materia o nombre geográfico como elemento de entrada | Madera |
| Subdivisión general | Tablas de utilización |
| 650 #7 - PUNTO DE ACCESO ADICIONAL DE MATERIA--TÉRMINO DE MATERIA | |
| 9 (RLIN) | 69599 |
| Término de materia o nombre geográfico como elemento de entrada | Madera |
| Subdivisión general | Cubicación |
| 650 #4 - PUNTO DE ACCESO ADICIONAL DE MATERIA--TÉRMINO DE MATERIA | |
| 9 (RLIN) | 132126 |
| Término de materia o nombre geográfico como elemento de entrada | Madera |
| Subdivisión general | Corte |
| -- | Evaluación |
| 650 #4 - PUNTO DE ACCESO ADICIONAL DE MATERIA--TÉRMINO DE MATERIA | |
| 9 (RLIN) | 131461 |
| Término de materia o nombre geográfico como elemento de entrada | Aserraderos |
| Subdivisión general | Control de calidad |
| 650 #4 - PUNTO DE ACCESO ADICIONAL DE MATERIA--TÉRMINO DE MATERIA | |
| 9 (RLIN) | 71216 |
| Término de materia o nombre geográfico como elemento de entrada | Maquinaria forestal |
| Subdivisión general | Medidas de seguridad |
| 700 1# - PUNTO DE ACCESO ADICIONAL--NOMBRE DE PERSONA | |
| 9 (RLIN) | 45867 |
| Nombre de persona | García Cíntora, David |
| 700 1# - PUNTO DE ACCESO ADICIONAL--NOMBRE DE PERSONA | |
| 9 (RLIN) | 188922 |
| Nombre de persona | Maza Ochoa, Walter Daniel |
| 942 ## - ELEMENTOS DE PUNTO DE ACCESO ADICIONAL (KOHA) | |
| Fuente del sistema de clasificación o colocación | Dewey Decimal Classification |
| Tipo de ítem Koha | Libro |
| Estado de retiro | Estado de pérdida | Fuente del sistema de clasificación o colocación | Estado dañado | Restricciones de uso | No para préstamo | Código de colección | Localización permanente | Ubicación/localización actual | Ubicación en estantería | Fecha de adquisición | Total de préstamos | Renovaciones totales | Signatura topográfica completa | Código de barras | Fecha visto por última vez | Fecha del último préstamo | Precio válido a partir de | Tipo de ítem Koha |
|---|---|---|---|---|---|---|---|---|---|---|---|---|---|---|---|---|---|---|
| Dewey Decimal Classification | Préstamo 15 días | General | Biblioteca Central | Biblioteca Central | Planta principal - Colección General | 05/04/2024 | 1 | 1 | 674.02 L76 | 33724002585254 | 30/09/2024 | 27/08/2024 | 05/04/2024 | Libro |
